000
00335 a2200145 4500
001
169580
020
_a
040
_c
Magnum
100
_a
Alencar, Marcelo
240
1
0
_a
Tv colosso: jf na marca do penalti
_l
por
245
1
0
_a
Tv colosso: jf na marca do penalti
362
0
_a
1899
697
_a
IJ/AVENTURA, CRIANCAS
942
_c
BK
999
_c
169580
_d
169580